Countries of the world picture quiz - I and J - Statistics

General Stats
  • This quiz has been taken 19 times
  • The average score is 10 of 11
Answer Stats
Picture Answer % Correct
India
100%
Jamaica
100%
Jordan
100%
Iceland
94%
Ireland
94%
Japan
94%
Indonesia
88%
Iran
88%
Italy
88%
Iraq
81%
Israel
81%
No matching quizzes found
Score Distribution
Percent of People with Each Score
Percentile by Number Answered
Your Score History
You have not taken this quiz